[Event "DEM U10w 2018"]
[Site "Willingen GER"]
[Date "2018.05.20"]
[Round "1"]
[White "Bako, Evelin"]
[Black "Ottlik, Marie"]
[Result "0-1"]
[Termination "normal"]
[Board "8"]
[WhiteElo "971"]
[BlackElo "1190"]
[WhiteClock "00:58:28"]
[BlackClock "00:56:24"]
[PlyCount "108"]
[WhiteFideId "16271823"]
[BlackFideId "16281730"]
[EventCountry "GER"]
[EventRounds "11"]
[EventType "swiss"]
[EventDate "2018.05.19"]

1. d4 {[%clk 1:15:54]} 1... d5 2. c4 {[%clk 1:16:07]} 2... c6 {[%clk 1:16:21]}
3. Nc3 {[%clk 1:16:29]} 3... Nf6 {[%clk 1:16:35]} 4. cxd5 {[%clk 1:16:43]} 4...
cxd5 {[%clk 1:16:50]} 5. Bf4 {[%clk 1:16:13]} 5... Bf5 {[%clk 1:17:03]} 6. e3 {
[%clk 1:16:15]} 6... e6 {[%clk 1:17:01]} 7. Nf3 {[%clk 1:16:10]} 7... Bb4 {
[%clk 1:17:03]} 8. a3 {[%clk 1:15:18]} 8... Bd6 {[%clk 1:16:41]} 9. Bb5+ {
[%clk 1:14:08]} 9... Nc6 {[%clk 1:16:30]} 10. Qa4 {[%clk 1:12:47]} 10... Qd7 {
[%clk 1:14:51]} 11. Bxd6 {[%clk 1:12:44]} 11... Qxd6 {[%clk 1:15:03]} 12. Ne5 {
[%clk 1:12:40]} 12... O-O {[%clk 1:14:43]} 13. Nxc6 {[%clk 1:12:36]} 13... bxc6
{[%clk 1:15:04]} 14. Bxc6 {[%clk 1:12:52]} 14... Rab8 {[%clk 1:14:13]} 15. Rb1
{[%clk 1:12:31]} 15... Bxb1 {[%clk 1:14:31]} 16. Nxb1 {[%clk 1:11:45]} 16...
Rxb2 {[%clk 1:14:47]} 17. O-O {[%clk 1:11:08]} 17... Rfb8 {[%clk 1:13:40]} 18.
Nc3 {[%clk 1:10:44]} 18... Rc8 {[%clk 1:11:03]} 19. Nb5 {[%clk 1:08:34]} 19...
Rxb5 {[%clk 1:10:09]} 20. Bxb5 {[%clk 1:08:32]} 20... Qc7 {[%clk 1:09:15]} 21.
Bd3 {[%clk 1:06:15]} 21... Ne4 22. Bxe4 22... dxe4 {[%clk 1:07:53]} 23. Qa6 {
[%clk 1:05:47]} 23... Kf8 {[%clk 1:06:28]} 24. h3 {[%clk 1:00:34]} 24... Rb8 {
[%clk 1:03:07]} 25. Rd1 {[%clk 0:59:11]} 25... Rb2 {[%clk 1:02:10]} 26. a4 {
[%clk 0:57:05]} 26... Rb6 {[%clk 0:59:56]} 27. Qa5 {[%clk 0:57:09]} 27... Rc6 {
[%clk 0:58:36]} 28. Qb4+ {[%clk 0:57:00]} 28... Qd6 {[%clk 0:58:13]} 29. Qxd6+
{[%clk 0:56:50]} 29... Rxd6 {[%clk 0:58:34]} 30. Rc1 {[%clk 0:57:00]} 30... Ke7
{[%clk 0:58:36]} 31. Rc7+ {[%clk 0:57:10]} 31... Rd7 {[%clk 0:58:55]} 32. Rc5 {
[%clk 0:57:24]} 32... Rd5 {[%clk 0:57:29]} 33. Rc4 {[%clk 0:57:33]} 33... Kd6 {
[%clk 0:57:30]} 34. Kf1 {[%clk 0:57:51]} 34... e5 {[%clk 0:57:34]} 35. Ke2 {
[%clk 0:58:09]} 35... exd4 {[%clk 0:57:47]} 36. exd4 {[%clk 0:58:33]} 36... a6
{[%clk 0:55:32]} 37. Ke3 {[%clk 0:58:59]} 37... f5 {[%clk 0:55:31]} 38. g4 {
[%clk 0:59:09]} 38... g6 {[%clk 0:55:22]} 39. Rb4 {[%clk 0:58:31]} 39... Ke6 {
[%clk 0:54:22]} 40. Rb6+ {[%clk 0:56:52]} 40... Rd6 {[%clk 0:54:27]} 41. Rxd6+
{[%clk 0:56:56]} 41... Kxd6 {[%clk 0:54:50]} 42. gxf5 {[%clk 0:57:12]} 42...
gxf5 {[%clk 0:54:57]} 43. Kf4 {[%clk 0:57:25]} 43... Ke6 {[%clk 0:54:55]} 44.
Kg5 {[%clk 0:57:39]} 44... a5 {[%clk 0:55:04]} 45. Kh6 {[%clk 0:57:23]} 45...
f4 {[%clk 0:55:28]} 46. Kxh7 {[%clk 0:57:44]} 46... e3 {[%clk 0:55:50]} 47.
fxe3 {[%clk 0:58:02]} 47... fxe3 48. h4 {[%clk 0:58:18]} 48... e2 { [%clk
0:56:41]} 49. h5 {[%clk 0:57:55]} 49... e1=Q {[%clk 0:57:03]} 50. h6 { [%clk
0:58:07]} 50... Qe4+ {[%clk 0:57:17]} 51. Kg7 {[%clk 0:58:25]} 51... Qxd4+ 52.
Kg6 52... Qf6+ {[%clk 0:55:58]} 53. Kh5 {[%clk 0:58:37]} 53... Kf5 { [%clk
0:56:02]} 54. h7 {[%clk 0:58:28]} 54... Qg5# {[%clk 0:56:24]} 0-1

[Event "DEM U10w 2018"]
[Site "Willingen GER"]
[Date "2018.05.20"]
[Round "1"]
[White "Czäczine, Laura"]
[Black "Schupfer, Victoria"]
[Result "1-0"]
[Termination "normal"]
[Board "9"]
[WhiteElo "1171"]
[BlackElo "958"]
[WhiteClock "00:58:16"]
[BlackClock "00:28:19"]
[PlyCount "73"]
[WhiteFideId "16211448"]
[EventCountry "GER"]
[EventRounds "11"]
[EventType "swiss"]
[EventDate "2018.05.19"]

1. e4 {[%clk 1:15:30]} 1... e5 {[%clk 1:15:30]} 2. Nf3 {[%clk 1:15:30]} 2...
Nc6 {[%clk 1:15:30]} 3. d4 {[%clk 1:15:30]} 3... Bd6 {[%clk 1:15:30]} 4. d5 {
[%clk 1:17:00]} 4... Nce7 {[%clk 1:17:01]} 5. Bc4 {[%clk 1:15:35]} 5... Nf6 {
[%clk 1:16:26]} 6. Nc3 {[%clk 1:14:07]} 6... c6 {[%clk 1:14:36]} 7. O-O { [%clk
1:12:59]} 7... O-O {[%clk 1:13:07]} 8. Bg5 {[%clk 1:11:47]} 8... Ng6 { [%clk
1:09:54]} 9. Re1 {[%clk 1:08:34]} 9... Be7 {[%clk 1:04:39]} 10. d6 { [%clk
1:08:28]} 10... b5 {[%clk 1:02:35]} 11. Bf1 {[%clk 1:07:36]} 11... h6 { [%clk
1:01:55]} 12. Be3 {[%clk 1:06:56]} 12... Ng4 {[%clk 1:00:02]} 13. dxe7 { [%clk
1:07:05]} 13... Qxe7 {[%clk 1:00:15]} 14. Nd2 {[%clk 1:03:20]} 14... d6 { [%clk
0:59:56]} 15. h3 {[%clk 1:01:57]} 15... Qh4 {[%clk 0:58:17]} 16. hxg4 { [%clk
1:01:15]} 16... Bxg4 {[%clk 0:57:46]} 17. Be2 {[%clk 1:00:39]} 17... f5 { [%clk
0:56:45]} 18. Nf3 {[%clk 1:00:13]} 18... Bxf3 {[%clk 0:54:57]} 19. Bxf3 { [%clk
1:00:31]} 19... f4 {[%clk 0:55:18]} 20. Bc1 {[%clk 0:59:40]} 20... d5 { [%clk
0:48:14]} 21. exd5 {[%clk 0:59:48]} 21... cxd5 {[%clk 0:48:29]} 22. Bxd5+
{[%clk 0:59:59]} 22... Kh7 {[%clk 0:48:35]} 23. Bxa8 {[%clk 1:00:16]} 23...
Rxa8 {[%clk 0:48:33]} 24. Qd3 {[%clk 1:00:06]} 24... Rd8 {[%clk 0:47:27]} 25.
Qxb5 {[%clk 1:00:02]} 25... f3 {[%clk 0:47:20]} 26. gxf3 {[%clk 0:59:44]} 26...
Rf8 {[%clk 0:46:25]} 27. Qb7 {[%clk 0:58:39]} 27... Rxf3 {[%clk 0:45:56]} 28.
Qxf3 {[%clk 0:59:00]} 28... Qd4 {[%clk 0:37:26]} 29. Qf5 {[%clk 0:58:45]} 29...
Qd6 {[%clk 0:34:59]} 30. Nb5 {[%clk 0:58:38]} 30... Qa6 31. Rxe5 31... Qa5 {
[%clk 0:31:06]} 32. Nd6 {[%clk 0:57:46]} 32... Qd8 {[%clk 0:31:04]} 33. Re6 {
[%clk 0:57:30]} 33... Qg8 {[%clk 0:28:30]} 34. Qxg6+ {[%clk 0:57:41]} 34... Kh8
{[%clk 0:28:47]} 35. Nf7+ {[%clk 0:57:54]} 35... Qxf7 {[%clk 0:29:09]} 36. Qxf7
{[%clk 0:58:16]} 36... Kh7 {[%clk 0:28:19]} 37. Rxh6# 1-0

[Event "DEM U10w 2018"]
[Site "Willingen GER"]
[Date "2018.05.20"]
[Round "1"]
[White "Scheerer, Amelie"]
[Black "Oellrich, Emma"]
[Result "0-1"]
[Termination "normal"]
[Board "10"]
[WhiteElo "957"]
[BlackElo "1162"]
[PlyCount "68"]
[WhiteFideId "16275772"]
[BlackFideId "16268806"]
[EventCountry "GER"]
[EventRounds "11"]
[EventType "swiss"]
[EventDate "2018.05.19"]

1. e4 e6 2. d4 d5 3. exd5 exd5 4. Nc3 Nf6 5. Bg5 Be7 6. Bd3 Nc6 7. Nf3 b6 8.
O-O O-O 9. Ne5 Nxd4 10. Re1 c5 11. Nc6 Nxc6 12. Bxf6 Bxf6 13. Qh5 g6 14. Qh6
Bg5 15. Qxf8+ Qxf8 16. Re2 Be6 17. Ba6 Nd4 18. Re5 Nxc2 19. Rc1 Bxc1 20. b3 Bb2
21. Re2 Nb4 22. Rxb2 Nxa6 23. g3 Qg7 24. Rc2 Nb4 25. Rc1 d4 26. Nb5 Nxa2 27.
Rc2 Bxb3 28. Rb2 Bc4 29. Na3 Be6 30. Rc2 d3 31. Rd2 Qc3 32. Nb1 Qc1+ 33. Kg2
Qxb1 34. Kf3 c4 0-1

[Event "DEM U10w 2018"]
[Site "Willingen GER"]
[Date "2018.05.20"]
[Round "1"]
[White "Wilmink, Anna"]
[Black "Muhina, Alina"]
[Result "0-1"]
[Termination "normal"]
[Board "11"]
[WhiteElo "1137"]
[BlackElo "948"]
[PlyCount "126"]
[WhiteFideId "16273680"]
[BlackFideId "16298322"]
[EventCountry "GER"]
[EventRounds "11"]
[EventType "swiss"]
[EventDate "2018.05.19"]

1. e4 c6 2. d4 d5 3. Nc3 g6 4. Nf3 Bg7 5. Be2 Nf6 6. Bd3 Bg4 7. Be3 O-O 8. h3
Bxf3 9. Qxf3 Nbd7 10. exd5 cxd5 11. Nxd5 Nxd5 12. Qxd5 Nf6 13. Qf3 Qb6 14. O-O
Qxb2 15. Rfb1 Qa3 16. Qxb7 Rab8 17. Qxb8 Rxb8 18. Rxb8+ Bf8 19. Bb5 Qb4 20. Bh6
Nd7 21. a3 Qb2 22. Bxd7 Qxb8 23. Bc1 Qd6 24. Ba4 Qxd4 25. Rb1 Qxa4 26. Rb8 Kg7
27. Bb2+ f6 28. g4 Qxc2 29. g5 Qd1+ 30. Kg2 Qd5+ 31. Kf1 Qxg5 32. a4 e5 33.
Rb7+ Kh6 34. Rc7 Qf5 35. Rc3 Qb1+ 36. Bc1+ g5 37. h4 Qf5 38. hxg5+ fxg5 39. Kg2
Kh5 40. Rh3+ Kg6 41. Rf3 Qe4 42. Kg3 g4 43. Rxf8 Qxa4 44. Rg8+ Kf7 45. Rxg4
Qb3+ 46. Be3 a5 47. Re4 a4 48. Rxe5 a3 49. Rf5+ Kg6 50. Rg5+ Kf6 51. Kg4 a2 52.
Bd4+ Ke6 53. Re5+ Kd6 54. Kf4 Qc4 55. Ke3 Qxd4+ 56. Kxd4 a1=Q+ 57. Ke3 Qxe5+
58. Kf3 h5 59. Kg2 h4 60. f4 Qxf4 61. Kg1 h3 62. Kh1 Qf3+ 63. Kg1 Qg2# 0-1

[Event "DEM U10w 2018"]
[Site "Willingen GER"]
[Date "2018.05.20"]
[Round "1"]
[White "Fischer, Juliane"]
[Black "Arnold, Rubina"]
[Result "0-1"]
[Termination "normal"]
[Board "12"]
[WhiteElo "929"]
[BlackElo "1133"]
[PlyCount "116"]
[WhiteFideId "16290135"]
[BlackFideId "16276272"]
[EventCountry "GER"]
[EventRounds "11"]
[EventType "swiss"]
[EventDate "2018.05.19"]

1. d4 Nf6 2. Nc3 d5 3. Bf4 Bd7 4. Nf3 a6 5. e3 e6 6. Bd3 Bd6 7. Ne5 Nc6 8. O-O
O-O 9. Qf3 Ne7 10. Qg3 Ng6 11. Nxg6 fxg6 12. Bxd6 cxd6 13. Qxd6 Ng4 14. Qg3 Nh6
15. e4 dxe4 16. Bxe4 Nf5 17. Qh3 Nxd4 18. Bxb7 Rb8 19. Bxa6 Rxb2 20. Bd3 Nxc2
21. Bxc2 Rxc2 22. a4 Qa5 23. Rad1 Rxc3 24. Qg4 Qxa4 25. Qxa4 Bxa4 26. Rd4 Bb5
27. Re1 Rc2 28. f3 Re2 29. Rxe2 Bxe2 30. Re4 Bb5 31. Rxe6 Re8 32. Rxe8+ Bxe8
33. g3 Kf7 34. Kg2 Bd7 35. h4 Kf6 36. g4 h5 37. gxh5 gxh5 38. Kg3 Kf5 39. Kh3
Kf4+ 40. Kg2 Be6 41. Kf2 Bh3 42. Ke2 Kg3 43. Ke3 Kxh4 44. f4 Kg3 45. Ke4 h4 46.
Ke3 Bf5 47. Ke2 h3 48. Kf1 h2 49. Ke2 h1=Q 50. Ke3 Qf3+ 51. Kd4 Qxf4+ 52. Kd5
Be6+ 53. Kc5 Qd2 54. Kc6 Qd5+ 55. Kc7 Qc5+ 56. Kb8 Qe7 57. Ka8 Bd5+ 58. Kb8
Qb7# 0-1

[Event "DEM U10w 2018"]
[Site "Willingen GER"]
[Date "2018.05.20"]
[Round "1"]
[White "Heuberger, Sandra"]
[Black "Tobias, Franziska Ylvi"]
[Result "1-0"]
[Termination "normal"]
[Board "13"]
[WhiteElo "1132"]
[BlackElo "909"]
[PlyCount "79"]
[WhiteFideId "16232151"]
[BlackFideId "16272404"]
[EventCountry "GER"]
[EventRounds "11"]
[EventType "swiss"]
[EventDate "2018.05.19"]

1. e4 e5 2. Nf3 Nc6 3. Bc4 Bc5 4. O-O Nf6 5. Nxe5 Nxe5 6. d4 Bxd4 7. Qxd4 Nxc4
8. Qxc4 O-O 9. Bg5 h6 10. Bh4 d5 11. exd5 Bd7 12. Nc3 Rc8 13. Ne4 c6 14. d6 Be6
15. Qd3 g5 16. Bg3 Nxe4 17. Qxe4 Bd5 18. Qd4 Qd7 19. c4 c5 20. Qxd5 Qd8 21.
Rae1 a6 22. a4 Qd7 23. b3 b5 24. Re7 Qg4 25. Qe4 Qxe4 26. Rxe4 bxa4 27. bxa4 h5
28. Re5 h4 29. Rxg5+ Kh7 30. Bxh4 Rc6 31. d7 Rd6 32. h3 Rxd7 33. Re1 Rd4 34.
Rg4 Rd6 35. Be7 Re6 36. Rxe6 Rb8 37. Re5 Rb1+ 38. Kh2 Kh6 39. Bf8+ Kh7 40. Rh5#
1-0

[Event "DEM U10w 2018"]
[Site "Willingen GER"]
[Date "2018.05.20"]
[Round "1"]
[White "Hengst, Sarah"]
[Black "Pröttel, Ela"]
[Result "0-1"]
[Termination "normal"]
[Board "14"]
[WhiteElo "878"]
[BlackElo "1125"]
[PlyCount "62"]
[WhiteFideId "16286030"]
[BlackFideId "44582749"]
[EventCountry "GER"]
[EventRounds "11"]
[EventType "swiss"]
[EventDate "2018.05.19"]

1. e4 c5 2. Nf3 a6 3. Nc3 e6 4. Bc4 b5 5. Bd3 d6 6. e5 Nc6 7. Be4 Qc7 8. d4 d5
9. Bf4 dxe4 10. Nxe4 c4 11. Nfg5 h6 12. Qh5 hxg5 13. Qxh8 gxf4 14. Ng5 Nh6 15.
Nh7 Qe7 16. O-O Nxd4 17. Rfd1 Ndf5 18. Rd2 Bb7 19. Rad1 Bd5 20. c3 Nh4 21. Rd4
Ng6 22. Nf6+ gxf6 23. Qh7 fxe5 24. R4d3 cxd3 25. Rxd3 Be4 26. Rd1 Qb7 27. Re1
Bxg2 28. Re2 Bh3 29. f3 Qd5 30. Rf2 Qd1+ 31. Rf1 Qxf1# 0-1

[Event "DEM U10w 2018"]
[Site "Willingen GER"]
[Date "2018.05.20"]
[Round "1"]
[White "Khanbekyan, Nare"]
[Black "Chassard, Cecilia"]
[Result "1-0"]
[Termination "normal"]
[Board "15"]
[WhiteElo "1123"]
[BlackElo "821"]
[PlyCount "111"]
[WhiteFideId "16270916"]
[BlackFideId "16271831"]
[EventCountry "GER"]
[EventRounds "11"]
[EventType "swiss"]
[EventDate "2018.05.19"]

1. e4 e5 2. Nf3 Nc6 3. Bc4 Bc5 4. c3 Nf6 5. d3 d6 6. O-O Bg4 7. a4 O-O 8. b4
Nxb4 9. cxb4 Bxb4 10. h3 Be6 11. Bxe6 fxe6 12. Bd2 Bc5 13. Nc3 Qd7 14. Be3 Bb4
15. Ne2 b6 16. Ng3 Bc3 17. Ra3 Bb4 18. Rb3 Ba5 19. Bd2 Bxd2 20. Nxd2 d5 21. Rb5
a6 22. Rb4 a5 23. Rb5 Rab8 24. Rb1 dxe4 25. Ndxe4 Nxe4 26. dxe4 Qxd1 27. Rfxd1
Rf7 28. Rbc1 b5 29. axb5 Rxb5 30. Ra1 c5 31. Rdc1 Rc7 32. Ne2 c4 33. Nc3 Rbc5
34. f3 Ra7 35. Kf2 Kf7 36. g4 Ke7 37. Ke3 Kd6 38. f4 exf4+ 39. Kxf4 e5+ 40. Kf5
g6+ 41. Kf6 Rcc7 42. h4 Rf7+ 43. Kg5 Ra8 44. h5 gxh5 45. gxh5 Rg8+ 46. Kh4 Rf4+
47. Kh3 Rfg4 48. Rd1+ Ke6 49. Rxa5 Rg3+ 50. Kh2 Rxc3 51. Ra6+ Ke7 52. Rda1 Rc2+
53. Kh1 Rc3 54. Ra7+ Kd8 55. Ra8+ Kc7 56. Rxg8 1-0

[Event "DEM U10w 2018"]
[Site "Willingen GER"]
[Date "2018.05.20"]
[Round "1"]
[White "Loos, Tilda"]
[Black "Scherer, Pia"]
[Result "1-0"]
[Termination "normal"]
[Board "17"]
[WhiteElo "1091"]
[BlackElo "740"]
[PlyCount "53"]
[WhiteFideId "34620559"]
[EventCountry "GER"]
[EventRounds "11"]
[EventType "swiss"]
[EventDate "2018.05.19"]

1. e4 e5 2. Nf3 Nc6 3. Bc4 Nf6 4. Ng5 Rg8 5. Bxf7+ Ke7 6. Bxg8 Nxg8 7. Qh5 Nf6
8. Qf7+ Kd6 9. Nc3 h6 10. b4 Nxb4 11. Nb5+ Kc6 12. Qc4+ Kb6 13. Nf7 Qe7 14. a4
a5 15. d3 c6 16. Be3+ c5 17. Nfd6 Ka6 18. Nc7+ Ka7 19. Bxc5+ b6 20. Bxb4 axb4
21. Ncb5+ Ka6 22. Nxc8 Qe8 23. Nc7+ Kb7 24. Nxe8 Nxe8 25. Qd5+ Kb8 26. Nxb6 Nc7
27. Qxd7 1-0

[Event "DEM U10w 2018"]
[Site "Willingen GER"]
[Date "2018.05.20"]
[Round "2"]
[White "Peglau, Charis"]
[Black "Pröttel, Ela"]
[Result "1-0"]
[Termination "normal"]
[Board "1"]
[WhiteElo "1324"]
[BlackElo "1125"]
[WhiteClock "00:45:28"]
[BlackClock "00:03:02"]
[PlyCount "135"]
[WhiteFideId "16219996"]
[BlackFideId "44582749"]
[EventCountry "GER"]
[EventRounds "11"]
[EventType "swiss"]
[EventDate "2018.05.19"]

1. e4 {[%clk 1:15:59]} 1... c5 {[%clk 1:15:44]} 2. Nf3 {[%clk 1:16:21]} 2... a6
{[%clk 1:16:00]} 3. c3 {[%clk 1:16:35]} 3... e6 {[%clk 1:16:17]} 4. d4 { [%clk
1:16:38]} 4... d5 {[%clk 1:16:28]} 5. exd5 {[%clk 1:15:25]} 5... exd5 { [%clk
1:16:05]} 6. Bd3 {[%clk 1:15:13]} 6... Nf6 {[%clk 1:15:56]} 7. O-O { [%clk
1:15:28]} 7... Be7 {[%clk 1:15:22]} 8. Re1 {[%clk 1:15:14]} 8... O-O { [%clk
1:14:57]} 9. Bg5 {[%clk 1:15:01]} 9... Qc7 {[%clk 1:13:09]} 10. Qe2 { [%clk
1:13:10]} 10... Be6 {[%clk 1:09:31]} 11. Nbd2 {[%clk 1:12:18]} 11... Nbd7
{[%clk 1:09:29]} 12. dxc5 {[%clk 1:08:49]} 12... Bxc5 {[%clk 1:09:10]} 13. Nb3
{[%clk 1:08:05]} 13... Bg4 {[%clk 1:05:22]} 14. Nxc5 {[%clk 1:06:53]} 14...
Qxc5 15. Qe3 {[%clk 1:06:07]} 15... Qxe3 {[%clk 1:00:40]} 16. Rxe3 { [%clk
1:04:34]} 16... Rfe8 {[%clk 0:55:50]} 17. Nd4 {[%clk 1:02:30]} 17... Rxe3
{[%clk 0:51:57]} 18. Bxe3 {[%clk 1:02:21]} 18... Re8 {[%clk 0:51:04]} 19. Bc2 {
[%clk 1:00:59]} 19... h6 {[%clk 0:45:27]} 20. h3 {[%clk 1:00:54]} 20... Bh5 {
[%clk 0:43:35]} 21. Bb3 {[%clk 0:58:11]} 21... Nc5 {[%clk 0:39:29]} 22. Bc2 {
[%clk 0:56:18]} 22... Nfd7 {[%clk 0:33:09]} 23. Bb3 {[%clk 0:54:17]} 23... Nf6
{[%clk 0:30:36]} 24. Bc2 {[%clk 0:52:33]} 24... Nfd7 {[%clk 0:30:22]} 25. Nb3 {
[%clk 0:51:52]} 25... Nxb3 {[%clk 0:30:06]} 26. Bxb3 {[%clk 0:51:45]} 26... Nf6
{[%clk 0:30:17]} 27. Bd4 {[%clk 0:48:08]} 27... Re2 {[%clk 0:24:50]} 28. Bxf6 {
[%clk 0:47:54]} 28... gxf6 {[%clk 0:24:55]} 29. Bxd5 {[%clk 0:47:34]} 29...
Rxb2 {[%clk 0:25:04]} 30. Bb3 {[%clk 0:47:52]} 30... Be2 {[%clk 0:19:39]} 31.
Re1 {[%clk 0:46:56]} 31... Rd2 {[%clk 0:17:22]} 32. Kh2 {[%clk 0:45:17]} 32...
Bb5 {[%clk 0:15:29]} 33. Re7 {[%clk 0:43:48]} 33... Rxf2 {[%clk 0:15:04]} 34.
Kg3 {[%clk 0:43:54]} 34... Rf5 {[%clk 0:08:17]} 35. Rxf7 {[%clk 0:42:18]} 35...
Rg5+ {[%clk 0:07:40]} 36. Kh2 {[%clk 0:41:16]} 36... Rg7 {[%clk 0:05:31]} 37.
Rxf6+ {[%clk 0:40:04]} 37... Kh7 {[%clk 0:05:14]} 38. Bc2+ {[%clk 0:40:21]}
38... Kg8 {[%clk 0:03:41]} 39. Rxh6 {[%clk 0:40:12]} 39... Bc6 {[%clk 0:02:24]}
40. Rg6 {[%clk 0:40:25]} 40... Rxg6 {[%clk 0:02:24]} 41. Bxg6 {[%clk 0:40:48]}
41... Bd5 {[%clk 0:02:06]} 42. a3 {[%clk 0:41:04]} 42... b6 {[%clk 0:01:36]}
43. g4 {[%clk 0:41:17]} 43... a5 {[%clk 0:01:57]} 44. Kg3 {[%clk 0:41:13]}
44... Kg7 {[%clk 0:02:10]} 45. Bf5 {[%clk 0:41:24]} 45... Bf7 {[%clk 0:01:47]}
46. Kf4 {[%clk 0:41:34]} 46... Kg8 {[%clk 0:01:17]} 47. Ke5 {[%clk 0:41:53]}
47... Kf8 {[%clk 0:01:07]} 48. Kd6 {[%clk 0:41:15]} 48... Ke8 {[%clk 0:01:21]}
49. Kc6 {[%clk 0:41:27]} 49... a4 {[%clk 0:01:30]} 50. Kxb6 {[%clk 0:41:40]}
50... Kd8 {[%clk 0:01:36]} 51. g5 {[%clk 0:41:34]} 51... Ke7 {[%clk 0:01:49]}
52. Ka5 {[%clk 0:41:22]} 52... Ke8 {[%clk 0:01:42]} 53. Kxa4 {[%clk 0:41:39]}
53... Ke7 {[%clk 0:01:33]} 54. Kb5 {[%clk 0:41:56]} 54... Ke8 {[%clk 0:01:17]}
55. a4 {[%clk 0:42:10]} 55... Kd8 {[%clk 0:01:36]} 56. Kb6 {[%clk 0:42:11]}
56... Ke7 {[%clk 0:02:19]} 57. a5 {[%clk 0:43:58]} 57... Kd6 {[%clk 0:02:23]}
58. g6 {[%clk 0:43:38]} 58... Bxg6 {[%clk 0:02:43]} 59. Bxg6 {[%clk 0:44:02]}
59... Kd7 {[%clk 0:02:57]} 60. a6 {[%clk 0:44:23]} 60... Kd6 {[%clk 0:02:32]}
61. a7 {[%clk 0:44:38]} 61... Ke5 {[%clk 0:02:49]} 62. a8=Q {[%clk 0:44:55]}
62... Kf4 {[%clk 0:03:15]} 63. Qe4+ {[%clk 0:45:14]} 63... Kg3 {[%clk 0:03:20]}
64. Kc5 {[%clk 0:44:55]} 64... Kf2 {[%clk 0:03:15]} 65. Qd3 {[%clk 0:45:11]}
65... Kg2 {[%clk 0:03:06]} 66. Be4+ {[%clk 0:45:26]} 66... Kh2 {[%clk 0:03:02]}
67. Qf3 {[%clk 0:45:28]} 67... Kg1 {[%clk 0:03:02]} 68. Qg2# 1-0

[Event "DEM U10w 2018"]
[Site "Willingen GER"]
[Date "2018.05.20"]
[Round "2"]
[White "Peglau, Dora"]
[Black "Khanbekyan, Nare"]
[Result "1-0"]
[Termination "normal"]
[Board "2"]
[WhiteElo "1203"]
[BlackElo "1123"]
[WhiteClock "01:05:01"]
[BlackClock "00:45:21"]
[PlyCount "71"]
[WhiteFideId "16220005"]
[BlackFideId "16270916"]
[EventCountry "GER"]
[EventRounds "11"]
[EventType "swiss"]
[EventDate "2018.05.19"]

1. e4 {[%clk 1:15:59]} 1... e5 {[%clk 1:15:47]} 2. Nc3 {[%clk 1:16:17]} 2...
Nf6 {[%clk 1:15:57]} 3. Nf3 {[%clk 1:16:32]} 3... Nc6 {[%clk 1:15:50]} 4. Be2 {
[%clk 1:16:27]} 4... Bc5 {[%clk 1:15:43]} 5. Nxe5 {[%clk 1:16:37]} 5... Bxf2+ {
[%clk 1:14:59]} 6. Kxf2 {[%clk 1:16:51]} 6... Nxe5 {[%clk 1:15:09]} 7. d4 {
[%clk 1:16:47]} 7... Ng6 {[%clk 1:13:36]} 8. e5 {[%clk 1:14:56]} 8... Ng8 {
[%clk 1:07:44]} 9. Re1 {[%clk 1:13:14]} 9... Qh4+ {[%clk 1:03:44]} 10. Kg1 {
[%clk 1:13:02]} 10... d6 {[%clk 1:01:47]} 11. exd6 {[%clk 1:12:23]} 11... cxd6
{[%clk 0:59:43]} 12. g3 {[%clk 1:12:02]} 12... Qd8 {[%clk 0:59:01]} 13. Bb5+ {
[%clk 1:12:13]} 13... Kf8 {[%clk 0:57:31]} 14. Re8+ {[%clk 1:12:01]} 14... Qxe8
{[%clk 0:57:48]} 15. Bxe8 {[%clk 1:12:25]} 15... Kxe8 {[%clk 0:58:00]} 16. Nd5
{[%clk 1:12:26]} 16... Kd8 {[%clk 0:55:37]} 17. Qd2 {[%clk 1:11:56]} 17... b6 {
[%clk 0:53:31]} 18. Qc3 {[%clk 1:11:29]} 18... Be6 {[%clk 0:48:28]} 19. Nc7 {
[%clk 1:06:31]} 19... Rc8 {[%clk 0:47:55]} 20. Nxe6+ {[%clk 1:06:45]} 20...
fxe6 {[%clk 0:47:21]} 21. Bg5+ {[%clk 1:06:46]} 21... Nf6 {[%clk 0:47:15]} 22.
Qa3 {[%clk 1:04:28]} 22... a5 {[%clk 0:46:59]} 23. Qxd6+ {[%clk 1:04:44]} 23...
Ke8 {[%clk 0:46:54]} 24. Qxe6+ {[%clk 1:04:49]} 24... Ne7 {[%clk 0:45:51]} 25.
Re1 {[%clk 1:04:29]} 25... Rc7 {[%clk 0:45:56]} 26. Qxb6 {[%clk 1:03:32]} 26...
Rxc2 {[%clk 0:45:27]} 27. Qb8+ {[%clk 1:03:13]} 27... Kf7 {[%clk 0:45:09]} 28.
Qxh8 {[%clk 1:03:15]} 28... Rc8 {[%clk 0:45:06]} 29. Rxe7+ {[%clk 1:03:33]}
29... Kxe7 {[%clk 0:44:58]} 30. Qxc8 {[%clk 1:03:52]} 30... Kf7 {[%clk 0:44:33]
} 31. Bxf6 {[%clk 1:03:59]} 31... Kxf6 {[%clk 0:44:52]} 32. Qd7 {[%clk 1:04:19]
} 32... Kg6 {[%clk 0:44:50]} 33. Qe6+ {[%clk 1:04:38]} 33... Kg5 { [%clk
0:45:00]} 34. h4+ {[%clk 1:04:48]} 34... Kh5 {[%clk 0:45:15]} 35. Qf5+ { [%clk
1:05:01]} 35... Kh6 {[%clk 0:45:21]} 36. Qg5# 1-0